| 000 | 00539nam a22001817a 4500 | ||
|---|---|---|---|
| 003 | SISC | ||
| 005 | 20160726113122.0 | ||
| 008 | 160726b xxu||||| |||| 00| 0 eng d | ||
| 020 | _a9789712724428 | ||
| 050 |
_aJQ 1409.5C6 _b.B711 2011 |
||
| 100 | _aBondoc, Jarius. | ||
| 245 |
_aExposes : _binvestigate reporting for clean government / _cJarius Bondoc. |
||
| 260 |
_aMandaluyong City : _bAnvil, _c2011. |
||
| 300 |
_a237 pages ; _c23 cm. |
||
| 500 | _aIncludes index. | ||
| 650 |
_aPolitical corruption _xPhilippines. |
||
| 942 |
_2lcc _cBK |
||
| 999 |
_c298055 _d298055 |
||